TOP 10 ANGRIEST countries of the world - Statistics

General Stats
  • This quiz has been taken 39 times
  • The average score is 5 of 10
Answer Stats
Hint Answer % Correct
4 Iraq
84%
10 Iran
71%
1 Lebanon
71%
2 Turkey
68%
5 Afghanistan
58%
6 Jordan
58%
3 Armenia
48%
9 India
45%
7 Mali
3%
8 Sierra Leone
0%
No matching quizzes found
Score Distribution
Percent of People with Each Score
Percentile by Number Answered
Your Score History
You have not taken this quiz